000 00506nam a2200181 i 4500
001 bg
245 0 _aWasmuths Lexikon der Baukunst.Bd. 2,C bis Gyp /
_c[hrsgb. von Gunther Wasmuth].
260 _aBerlin :
_bVerl. Ernst Wasmuth A.-G.,
_c1930.
300 _a707 s. :
_bil. ;
_c30 cm.
650 9 _aSztuka
_xhistoria
655 _aEncyklopedie
700 1 _aWASMUTH, Gunther.
_eRed.
040 _cBPK
041 _apol
080 _a72/76.03(03)
942 _cKS
008 s pl f |000 0 pol
999 _c7863
_d7863
856 _uhttp://koha.tu.koszalin.pl/cgi-bin/koha/opac-detail.pl?biblionumber=7863
_yKatalog online BPK